[Event "ROM-ch U10"]
[Site "Calimanesti Caciulata"]
[Date "2016.04.22"]
[Round "6"]
[White "Ionita, George Calin"]
[Black "Stan, Calin Gabriel"]
[Result "1-0"]
[WhiteElo "1031"]
[BlackElo "1001"]
[PlyCount "23"]
[EventDate "2016.04.18"]
[EventType "swiss"]
[EventRounds "9"]
[EventCountry "ROU"]
[SourceTitle "CBM 172 Extra"]
[Source "ChessBase"]
[SourceDate "2016.06.21"]
[SourceVersion "1"]
[SourceVersionDate "2016.06.21"]
[SourceQuality "1"]

1. e4 e5 2. Nc3 Bc5 3. Bc4 Qf6 4. Nf3 d6 5. Nd5 Qd8 6. Nc3 Nf6 7. d3 Nc6 8. Ng5 h6 9. Nxf7 Bg4 10. f3 Qe7 11. Nxh8 Bh5 12. g4 1-0

[Event "ROM-ch U10"]
[Site "Calimanesti Caciulata"]
[Date "2016.04.18"]
[Round "1"]
[White "Revnic, Radu Andrei"]
[Black "Stan, Calin Gabriel"]
[Result "1-0"]
[WhiteElo "1172"]
[BlackElo "1001"]
[PlyCount "69"]
[EventDate "2016.04.18"]
[EventType "swiss"]
[EventRounds "9"]
[EventCountry "ROU"]
[SourceTitle "CBM 172 Extra"]
[Source "ChessBase"]
[SourceDate "2016.06.21"]
[SourceVersion "1"]
[SourceVersionDate "2016.06.21"]
[SourceQuality "1"]

1. e4 e5 2. Nf3 Nc6 3. Bc4 Bc5 4. c3 Nf6 5. d4 exd4 6. cxd4 Bb4+ 7. Nc3 Qe7 8. 0-0 Nxe4 9. Re1 Nxc3 10. bxc3 Bxc3 11. Rxe7+ Nxe7 12. Rb1 d5 13. Qa4+ Bd7 14. Bb5 c6 15. Bd3 b5 16. Qb3 Ba5 17. Qc2 a6 18. Bxh7 g6 19. Ba3 Rxh7 20. Bxe7 Kxe7 21. Qe2+ Be6 22. Ng5 Rhh8 23. g4 f6 24. Qxe6+ Kd8 25. Qxf6+ Kc8 26. Qxh8+ Kb7 27. Qg7+ Bc7 28. Ne6 Rc8 29. a4 Ka8 30. Nxc7+ Rxc7 31. Qxc7 g5 32. Qxc6+ Ka7 33. axb5 axb5 34. Ra1+ Kb8 35. Ra8# 1-0